Bilder deutscher Städte - Statistiken

Allgemein
  • Dieses Quiz wurde 419 mal gespielt
  • Das Durchschnittsergebnis liegt bei 11 aus 21
Antwortstatistiken
Bildquiz Antwort % Korrekt
Hamburg
93%
Frankfurt
91%
Wuppertal
86%
Berlin
83%
Lübeck
77%
Trier
68%
München
63%
Dresden
60%
Potsdam
60%
Nürnberg
53%
Stuttgart
53%
Düsseldorf
50%
Garmisch-Partenkirchen
49%
Leipzig
46%
Kassel
42%
Heidelberg
37%
Aachen
36%
Hannover
34%
Freiburg
32%
Bonn
20%
Saarbrücken
11%
Keine übereinstimmenden Quizze gefunden
Verteilung der Resultate
Anzahl Personen mit jedem Resultat
Perzentil nach korrekt beantworteten Fragen
Ihre Resultats-Entwicklung
Sie haben dieses Quiz noch nicht gespielt